| 000 | 00427nam a2200145 i 4500 | ||
|---|---|---|---|
| 001 | 93719 | ||
| 003 | ES-MaACL | ||
| 007 | t| | ||
| 008 | 050418s1971 sp ||||1| spa d | ||
| 100 | 1 |
_aLópez Herrerías, José Angel. _973697 |
|
| 245 | 1 | 3 |
_aEl alumno y el profesor de COU... / _cJosé Angel López Herrerías. |
| 260 |
_aMadrid : _bOscar, _c1971. |
||
| 300 |
_a220 p., 5 h. ; _c24 cm. |
||
| 852 |
_aES-MaACL _jE-7505 _bR.91796 |
||
| 999 |
_c93719 _d93719 |
||